SA Schoolboy Rugby Top 15 Teams - Statistics

General Stats
  • This quiz has been taken 10 times
  • The average score is 6 of 15
Answer Stats
Rank Points Answer % Correct
2 7.50 Grey College
100%
5 6.23 Paarl Boys
89%
3 7.25 Paarl Gim
78%
1 7.59 Paul Roos
78%
4 7.23 Affies
67%
14 5.42 Rondebosch
44%
7 5.87 Jeppe
33%
13 5.44 Wynberg
33%
11 5.50 KES
22%
8 5.73 Waterkloof
22%
6 6.00 DHS
11%
10 5.64 Oakdale
11%
9 5.65 EG Jansen
0%
12 5.44 Michealhouse
0%
15 5.35 Northwood
0%
No matching quizzes found
Score Distribution
Percent of People with Each Score
Percentile by Number Answered
Your Score History
You have not taken this quiz